[Event "Teplice Open 2017"]
[Site "Teplice"]
[Date "2017.06.14"]
[Round "5"]
[White "Sengupta, Deep"]
[Black "Nabaty, Tamir"]
[Result "1/2-1/2"]
[WhiteElo "2594"]
[BlackElo "2644"]
[Annotator "TA"]
[PlyCount "90"]
[EventDate "2017.??.??"]
[EventCountry "CZE"]
[SourceTitle "playchess.com"]
[Source "ChessBase"]
[SourceQuality "1"]

{[%evp 21,90,23,35,4,0,0,2,0,16,16,18,16,23,12,19,0,13,6,9,5,20,15,26,21,31,33,36,34,60,33,28,30,77,86,72,92,87,91,111,48,76,67,97,25,31,31,31,24,37,0,0,0,0,0,0,0,0,0,0,0,0,0,0,0,0,0,0,0,0,0,0]} 1. Nf3 d5 2. g3 c5 3. Bg2 Nc6 4. d4 Nf6 5. O-O e6 6. c4 dxc4 7. Qa4 Bd7 8. Qxc4 b5 9. Qc3 {E04: Open Catalan: 5 Nf3} cxd4 10. Nxd4 Nxd4 11. Qxd4 Rc8 {LiveBook: 4 Games} 12. Nd2 $146 ({Predecessor:} 12. Bf4 Bc5 13. Qd3 Qb6 14. Nd2 O-O 15. Ne4 Rfd8 16. Nxc5 Bc6 {1-0 (57) Gelfand,B (2721)-Maze,S (2613) Caleta 2017}) 12... Bc5 13. Qd3 O-O 14. Nb3 Bb6 15. Be3 Bc6 16. Qxd8 Rfxd8 17. Bxb6 axb6 18. Rfd1 Rxd1+ 19. Rxd1 Bxg2 20. Kxg2 $11 {[%mdl 4096] Endgame KRN-KRN} Kf8 21. f4 Ke7 22. Kf3 Nd7 23. Nd4 b4 24. Rd2 f5 25. Nc2 b3 26. axb3 Nc5 {[#] And now ...Ne4 would win.} 27. Nd4 $1 Ne4 28. Rd1 g5 29. g4 Kf6 30. e3 ({Better is} 30. gxf5 $16 exf5 31. Nxf5 g4+ 32. Kxe4 Re8+ 33. Kd3 Kxf5 34. e3) 30... Rd8 31. gxf5 exf5 32. fxg5+ (32. Rc1 $16) 32... Nxg5+ 33. Ke2 Ne6 34. b4 Rg8 35. Nxe6 Kxe6 $14 {KR-KR. The position is equal.} 36. Kf3 Rc8 37. Rd4 Rc2 38. Rh4 {Black must now prevent b3.} Rxb2 39. Rh6+ Ke5 40. Rxb6 (40. b5 $5) 40... Rxh2 41. Rb5+ Kf6 42. Rb7 h5 43. b5 h4 44. b6 Rb2 45. Rh7 Ke5 {Precision: White = 44%, Black = 54%.} (45... h3 $5) 1/2-1/2

[Event "Teplice Open 2017"]
[Site "Teplice"]
[Date "2017.06.14"]
[Round "5"]
[White "Vorobiov, Evgeny E"]
[Black "Yurtseven, Melih"]
[Result "1/2-1/2"]
[WhiteElo "2591"]
[BlackElo "2337"]
[Annotator "TA"]
[PlyCount "83"]
[EventDate "2017.??.??"]
[EventCountry "CZE"]
[SourceTitle "playchess.com"]
[Source "ChessBase"]
[SourceQuality "1"]

{[%evp 14,83,37,15,16,16,28,31,37,31,26,24,15,-4,0,0,15,4,7,0,0,0,25,39,23,27,29,-5,0,-19,0,0,-14,-30,0,0,0,0,0,0,3,2,22,26,48,48,60,51,48,56,58,35,19,15,16,0,21,15,14,10,8,9,9,9,26,10,13,14,25,13,27,0]} 1. d4 Nf6 2. g3 g6 3. Bg2 Bg7 4. c4 O-O 5. Nc3 d6 6. Nf3 Nc6 7. O-O a6 8. Bf4 Rb8 {E63: King's Indian: Fianchetto: Panno Variation with 7...a6} 9. Rc1 h6 10. h3 g5 {White is slightly better.} 11. Bd2 e5 12. d5 Ne7 13. Ne1 $146 ({Predecessor:} 13. e4 b5 14. cxb5 axb5 15. Re1 Bd7 16. b3 {1-0 (56) Hammer,J (2682)-Cuenca Jimenez,J (2516) Sweden 2016}) 13... b5 {[%cal Bb7b5,Bb5b4][%mdl 32]} 14. b3 b4 15. Na4 Bd7 16. Nc2 a5 17. a3 {[%cal Ra3b4]} c5 18. dxc6 Nxc6 19. axb4 axb4 20. c5 d5 21. Nb6 Rxb6 $1 22. cxb6 Qxb6 23. Ne1 {[%cal Bc2e1,Be1d3,Bd3b4][%mdl 32]} e4 24. Be3 $1 $36 {[%cal Re3b6][%mdl 2048] White fights for an advantage.} d4 25. Rxc6 $1 Qxc6 26. Bxd4 Be6 {[#]} 27. Nd3 $1 {[%mdl 512]} Rd8 (27... exd3 28. Bxc6) 28. Qa1 Bxb3 29. Nxb4 Qd6 30. e3 Ne8 31. Bxg7 Nxg7 32. Qc3 Be6 $1 33. Bxe4 {next Nc6 is good for White.} Bxh3 34. Rc1 Bf5 35. Nd5 {[#] aiming for Nf6+.} Ne8 36. Bxf5 Qxd5 37. Bg4 Qd2 38. Qa1 {Strongly threatening Rd1.} Qb4 39. Bh5 {Threatening Rc6.} Qe7 40. Rc6 Rd6 $1 {[%cal Rd6c6]} 41. Rc8 {And now Qa8 would win.} Rd8 42. Rc6 {Precision: White = 59%, Black = 72%.} 1/2-1/2

[Event "Teplice Open 2017"]
[Site "Teplice"]
[Date "2017.06.14"]
[Round "5"]
[White "Babula, Vlastimil"]
[Black "Stocek, Jiri"]
[Result "1-0"]
[WhiteElo "2552"]
[BlackElo "2585"]
[Annotator "TA"]
[PlyCount "61"]
[EventDate "2017.??.??"]
[EventCountry "CZE"]
[SourceTitle "playchess.com"]
[Source "ChessBase"]
[SourceQuality "1"]

{[%evp 13,61,29,36,1,13,13,23,23,30,24,36,10,36,18,0,5,37,47,39,0,0,0,53,59,55,42,49,20,163,166,147,164,222,54,58,52,38,68,29,46,58,62,49,0,0,-18,45,51,763,754]} 1. d4 Nf6 2. c4 e6 3. Nf3 a6 4. Nc3 d5 5. cxd5 exd5 6. Bg5 {D37: Queen's Gambit Declined: 5 Bf4} (6. Bf4 Bd6 7. Bg3 O-O 8. e3 Bf5 9. Qb3 Bxg3 10. hxg3 Nc6 11. Be2 Qd6 12. O-O Ne7 13. Ne5 h5 {0-1 (39) Karjakin,S (2783)-Adams,M (2761) Shamkir 2017}) 6... Be6 7. e3 Nbd7 {LiveBook: 58 Games} 8. Rc1 {White is slightly better.} c6 9. Bd3 h6 $146 ({Predecessor:} 9... Bd6 10. O-O O-O 11. Qd2 Bg4 12. Ne1 Qc7 13. h3 Bh5 {½-½ (21) Vodicka,M (1933)-Hatsek,W (1887) LSS email 2013}) 10. Bf4 g5 11. Bg3 Nh5 12. Be5 Ng7 13. h3 Nxe5 14. Nxe5 Bd6 15. O-O h5 16. f4 {[%cal Bf2f4,Bf4f5,Bf5f6][%mdl 32]} g4 17. f5 $36 {[%mdl 2048] White has good play.} Bc8 (17... Bd7 $1 $11) 18. f6 $1 $14 {[%cal Rf6g7]} (18. hxg4 Qg5 $15) 18... Ne6 19. hxg4 Bxe5 20. dxe5 Qc7 {[#]} (20... Qb6 $11 {and Black stays safe.} 21. Qd2 (21. gxh5 $2 Qxe3+ 22. Rf2 Nf4 $19) 21... hxg4) 21. Nxd5 $1 $18 ({Stronger than} 21. gxh5 Qxe5 22. Bf5 Qxe3+ 23. Kh1 Kf8 $11) 21... Qa5 22. Ne7 {Ng6 is the strong threat.} hxg4 (22... Qxe5 {was called for.} 23. gxh5 Rxh5) 23. Qxg4 $2 ({White should play} 23. Ng6 $18 Qb6 24. Re1 (24. Nxh8 Qxe3+ 25. Rf2 g3 $11)) 23... Qxe5 $14 24. Nf5 {aiming for Qb4.} Kd8 25. Qg3 Qxg3 26. Nxg3 Bd7 27. Nf5 {Black must now prevent Nd6.} Kc7 28. Kf2 Rag8 29. Ne7 Rg4 (29... Rg5 $11) 30. Bf5 Rb4 $2 {[%mdl 8192] [#]} (30... Ra4 $14) 31. Nd5+ $1 {Precision: White = 45%, Black = 46%.} 1-0

[Event "Teplice Open 2017"]
[Site "Teplice"]
[Date "2017.06.14"]
[Round "5"]
[White "Zakhartsov, Viacheslav V"]
[Black "Carstensen, Jacob"]
[Result "1-0"]
[WhiteElo "2544"]
[BlackElo "2356"]
[Annotator "TA"]
[PlyCount "41"]
[EventDate "2017.??.??"]
[EventCountry "CZE"]
[SourceTitle "playchess.com"]
[Source "ChessBase"]
[SourceQuality "1"]

{[%evp 13,41,0,-12,0,0,0,0,-4,10,12,17,16,38,38,42,43,48,45,140,117,179,179,261,248,425,390,622,638,820,819]} 1. d4 Nf6 2. c4 e6 3. Nc3 Bb4 4. e3 O-O 5. Nge2 Re8 6. a3 Bf8 7. Ng3 d5 8. Be2 {E46: Nimzo-Indian: Rubinstein: 4 e3 0-0 5 Ne2 without early Bd3} b6 9. cxd5 exd5 10. b4 {The position is equal.} c5 (10... Bb7 11. O-O Nbd7 12. Qb3 c6 13. Bf3 a6 14. Rd1 b5 15. e4 Nb6 {0-1 (51) Gupta,A (2627)-Wei,Y (2725) Liaocheng 2017}) 11. dxc5 bxc5 12. bxc5 Bxc5 $146 ({Predecessor:} 12... Ba6 13. O-O Bxc5 14. Bb5 Bxb5 15. Nxb5 Nbd7 {1-0 (70) Girya,O (2493)-Skripchenko,A (2449) Plovdiv 2014}) 13. O-O Be6 14. Bb2 Nbd7 15. Nb5 Nb6 (15... Rb8 $14) 16. Bxf6 gxf6 (16... Qxf6 $16 17. Nc7 Qe5 18. Nxe8 (18. Nxa8 Rxa8 19. Bg4 Rf8 $16) 18... Rxe8) 17. Bd3 $36 {[%mdl 2048] And now Qh5 would win. Keeping Black busy.} Nd7 (17... a6 $142) 18. Qh5 Nf8 $2 (18... f5 19. Nxf5 Bxf5 20. Qxf5 Nf8) 19. Rfc1 Rc8 (19... Be7 $142 20. Nc7 Bd6) 20. Qh6 {Nh5 would kill now.} Ng6 {[#]} 21. Rxc5 $1 {[%mdl 512] Precision: White = 97%, Black = 32%.} 1-0

[Event "Teplice Open 2017"]
[Site "Teplice"]
[Date "2017.06.14"]
[Round "5"]
[White "Hirneise, Tobias"]
[Black "Turov, Maxim"]
[Result "1/2-1/2"]
[WhiteElo "2466"]
[BlackElo "2595"]
[Annotator "TA"]
[PlyCount "69"]
[EventDate "2017.??.??"]
[EventCountry "CZE"]
[SourceTitle "playchess.com"]
[Source "ChessBase"]
[SourceQuality "1"]

{[%evp 17,69,33,34,12,29,14,16,17,14,-33,28,0,5,7,0,4,5,0,0,0,24,0,14,13,18,0,27,27,82,96,83,78,85,91,87,56,63,56,72,57,79,73,97,96,100,66,96,0,0,0,0,0,0,0]} 1. d4 Nf6 2. c4 c5 3. d5 b5 4. Qc2 bxc4 5. e4 g6 6. Bxc4 Bg7 7. Nf3 O-O 8. O-O d6 9. h3 Nfd7 {LiveBook: 11 Games. A57: Benko/Volga Gambit} (9... Ba6 10. Nbd2 Nfd7 11. Rb1 Nb6 12. b3 Nxc4 13. bxc4 Qa5 14. Rb3 Qa4 15. Bb2 Bxb2 16. Rxb2 Qxc2 17. Rxc2 Nd7 {0-1 (36) Mamedyarov,S (2764)-Ivanchuk,V (2766) Beijing 2012}) 10. Na3 Nb6 11. Bd2 Nxc4 12. Nxc4 Ba6 13. Rfe1 $146 ({Predecessor:} 13. Rab1 Nd7 14. b3 Nb6 15. Rfe1 Bxc4 16. bxc4 Qc8 17. Bc3 Bxc3 18. Qxc3 {0-1 (53) Nodirjanova,N (2142)-Pak,Y (2359) Tashkent 2009}) 13... Nd7 (13... Bxc4 $1 $15 14. Qxc4 Bxb2) 14. Bc3 Bxc3 15. Qxc3 Bxc4 16. Qxc4 Rb8 17. b3 f6 18. Qc3 Qb6 19. Nd2 {[%cal Bf3d2,Bd2b1,Bb1c3,Bc3a4][%mdl 32]} Qb4 20. Qe3 a5 21. Rac1 Qa3 22. Rc2 a4 {[#]} (22... Nb6 $11) 23. Nb1 $1 $36 {[%cal Rb1a3][%mdl 2048] Black is under strong pressure.} Qb4 {[%cal Ra4b3]} 24. Rc4 Qb7 {[%cal Ra4b3]} 25. Rxa4 Ra8 26. Nc3 Rxa4 27. Nxa4 Qa6 28. Qe2 (28. Rc1 {is interesting.} Rc8 29. Rc3 Rb8 30. a3 Nb6 31. Nxb6 Rxb6 32. a4) 28... Qxe2 29. Rxe2 $14 {[%mdl 4096] Endgame KRN-KRN} Rb8 30. Nb2 Nb6 31. Kf1 f5 32. Nc4 ({Better is} 32. exf5 $16 Nxd5 33. fxg6) 32... Nxc4 $11 {The position is equal.} 33. bxc4 fxe4 $1 34. a4 Kf7 35. Rxe4 {Precision: White = 30%, Black = 62%.} 1/2-1/2

[Event "Teplice Open 2017"]
[Site "Teplice"]
[Date "2017.06.14"]
[Round "5"]
[White "Butkiewicz, Lukasz"]
[Black "Serrano Salvador, Eduardo"]
[Result "1-0"]
[WhiteElo "2460"]
[BlackElo "2326"]
[Annotator "TA"]
[PlyCount "63"]
[EventDate "2017.??.??"]
[EventCountry "CZE"]
[SourceTitle "playchess.com"]
[Source "ChessBase"]
[SourceQuality "1"]

{[%evp 18,63,34,27,45,13,47,28,29,23,49,50,57,50,60,60,77,75,77,77,72,70,107,99,113,104,113,124,231,238,493,493,473,479,392,335,323,313,820,820,980,966,29995,29996,29996,29995,29995,29996]} 1. d4 d5 2. c4 c6 3. Nf3 Nf6 4. e3 e6 5. b3 Bb4+ (5... Nbd7 6. Bd3 Bd6 7. Bb2 O-O 8. O-O b6 9. Nbd2 Bb7 10. Ne5 c5 11. Nxd7 Nxd7 12. cxd5 Bxd5 13. Qe2 cxd4 14. Bxd4 Nc5 15. Bc2 {½-½ (28) Dominguez Perez,L (2732)-Ding,L (2766) Huaian 2016}) 6. Nbd2 {D30: Queen's Gambit Declined: Systems without Nc3} Ne4 7. Bd3 f5 8. O-O Nd7 9. a3 Bd6 10. Bb2 {LiveBook: 9 Games} O-O 11. Ne5 Qf6 {[%cal Rd7e5]} 12. f4 Qh6 $146 ({Predecessor:} 12... Qe7 13. b4 Ndf6 14. c5 Bc7 15. Ndf3 Bd7 16. a4 Rfb8 {1-0 (33) Golod,V (2575)-Gevorgyan,I (2178) Tashkent 2009}) 13. Nxe4 fxe4 14. Be2 Nxe5 15. dxe5 Bc5 16. Bd4 Bxd4 17. Qxd4 Bd7 18. b4 Be8 19. cxd5 exd5 20. Bg4 {[%cal Be2g4,Bg4d7,Bd7h3][%mdl 32]} Bh5 21. Bd7 Be8 22. Bh3 g5 (22... Bh5 $16) 23. fxg5 $18 Rxf1+ $2 {[#]} (23... Qxg5 24. Rxf8+ Kxf8) 24. Rxf1 Qxg5 25. Be6+ Kg7 26. Bf7 Bxf7 27. e6+ $1 {[%cal Be5e6,Be6f7][%mdl 32]} Kh6 $2 (27... Kg6) 28. exf7 Qe7 29. Rf6+ Kg5 {[#]} 30. h4+ $1 {[%mdl 512] White mates.} Kxh4 31. Rf4+ Kh5 32. Qg7 {Precision: White = 68%, Black = 35%.} 1-0

[Event "Teplice Open 2017"]
[Site "Teplice"]
[Date "2017.06.14"]
[Round "5"]
[White "Stachowiak, Kamil"]
[Black "Grela, Kacper"]
[Result "1-0"]
[WhiteElo "2428"]
[BlackElo "2310"]
[Annotator "TA"]
[PlyCount "73"]
[EventDate "2017.??.??"]
[EventCountry "CZE"]
[SourceTitle "playchess.com"]
[Source "ChessBase"]
[SourceQuality "1"]

{[%evp 20,73,2,0,1,0,41,38,42,0,7,0,0,0,79,90,69,73,87,91,83,88,111,104,118,97,246,252,243,233,506,316,388,372,777,759,861,856,796,857,820,858,858,844,845,835,846,844,867,860,875,787,749,791,790,775]} 1. c4 e6 2. Nf3 d5 3. e3 Nf6 4. b3 Bd6 5. Bb2 Nbd7 6. d4 c6 7. Be2 O-O 8. Nbd2 Ne4 9. Nxe4 dxe4 10. Nd2 f5 {D45: Semi-Slav: 5 e3} 11. Qc2 {LiveBook: 8 Games} Qg5 (11... c5 12. O-O-O b6 13. f3 cxd4 14. exd4 e3 {1-0 (59) Nikolic,P (2602)-Smeets,J (2619) Netherlands 2015}) 12. g3 b6 $146 {The position is equal.} ({Predecessor:} 12... c5 13. O-O-O cxd4 14. exd4 b6 {1-0 (32) Sturua,Z (2514)-Al Housa,K (2032) Dubai 2009}) 13. c5 bxc5 14. Ba3 (14. Nc4 $5 {[%cal Rc4d6]} Bc7 15. dxc5 $11) 14... Be7 15. dxc5 a5 16. O-O Rf6 (16... Nf6 $11) 17. Rfd1 Rh6 18. Nc4 {Nb6 is the strong threat.} Nf6 19. Ne5 Bb7 {[#]} 20. Rd6 $1 Bxd6 21. cxd6 {[%cal Bc5d6,Bd6d7][%mdl 32]} Nd5 22. Bc5 f4 (22... Qf6 $16 {is a better defense.} 23. Qb2 Rd8) 23. exf4 $18 ({Stronger than} 23. Qxe4 fxg3 24. f4 Qh4 $15) 23... Nxf4 24. Qxe4 Rf6 $2 (24... Rh4 {was called for.} 25. Kh1 Ng6 26. gxh4 Qxe5 27. Qxe5 Nxe5) 25. Bc4 {Black must now prevent h4.} Nd5 26. d7 Rf5 $2 {[#]} (26... Rd8 27. h4 Qh6) 27. Nxc6 $1 {[%mdl 512] White is clearly winning.} Qf6 (27... Bxc6 28. Qxe6+) 28. Bd4 Bxc6 29. Bxf6 Rxf6 30. Qe5 Rd8 31. Bxd5 Bxd5 32. Qc7 Rff8 33. Rc1 Kf7 34. Qd6 Kf6 35. Qxf8+ Rxf8 36. Rc8 Ke7 37. Rxf8 {Precision: White = 83%, Black = 35%.} 1-0

[Event "Teplice Open 2017"]
[Site "Teplice"]
[Date "2017.06.14"]
[Round "5"]
[White "Dobrowolski, Piotr"]
[Black "Freisler, Pavel"]
[Result "1-0"]
[WhiteElo "2421"]
[BlackElo "2257"]
[Annotator "TA"]
[PlyCount "63"]
[EventDate "2017.??.??"]
[EventCountry "CZE"]
[SourceTitle "playchess.com"]
[Source "ChessBase"]
[SourceQuality "1"]

{[%evp 19,63,62,55,12,15,2,-3,-77,-79,-82,-62,-83,-77,-72,-62,-72,-68,-73,-18,-55,0,0,0,5,41,41,33,0,0,0,0,-4,-2,-8,14,20,21,13,193,182,509,481,690,645,1620,1542]} 1. e4 e5 2. Nf3 Nc6 3. Bb5 Nf6 4. d3 d6 5. O-O g6 6. d4 {C66: Ruy Lopez: Steinitz Defence} Bd7 (6... exd4 7. e5 dxe5 8. Nxe5 Qd5 9. Qe2 Be7 10. Re1 d3 11. Bxc6+ Qxc6 12. Qxd3 Qd6 13. Qe2 O-O 14. Nc3 Be6 15. Qf3 Nd5 16. Bh6 {½-½ (16) So,W (2760)-Nakamura,H (2816) Las Vegas 2015}) 7. d5 Ne7 8. Bxd7+ Qxd7 9. Re1 Bg7 10. c4 {[%cal Bc2c4,Bc4c5][%mdl 32]} O-O {LiveBook: 15 Games} 11. c5 h6 $146 ({Predecessor:} 11... Rfd8 12. Nbd2 Ne8 13. Nc4 h6 {0-1 (45) Gu,X (2257)-Zhao,X (2543) Beijing 2012}) 12. Qb3 c6 13. Nc3 (13. dxc6 $11 Nxc6 14. cxd6) 13... cxd5 $17 14. exd5 e4 $1 {[%cal Re4f3]} 15. Nxe4 Nxe4 16. Rxe4 dxc5 17. d6 Nf5 18. Bf4 Rae8 (18... Nxd6 $17 19. Bxd6 Qxd6) 19. Ne5 Bxe5 (19... Qe6 $1 $15 20. d7 Qxb3 21. axb3 (21. dxe8=Q $2 Qxb2 22. Qxf8+ Bxf8 $19) 21... Re7) 20. Rxe5 $11 Nd4 21. Qd3 Rxe5 (21... g5 $5 {[%cal Rg5f4]} 22. Bg3 Rxe5 23. Bxe5 Qe6 $11) 22. Bxe5 Rd8 23. Bf6 Rc8 24. Qh3 ({Don't play} 24. Bxd4 Qxd6 25. Qh3 Rd8 $15) 24... Nf5 $1 25. Rd1 Re8 26. Qc3 Re6 27. Be5 $36 {[%mdl 2048] White has good play.} b6 {[%cal Rf5d6]} 28. b4 Nd4 $2 (28... c4 $11) 29. Bxd4 $18 Qa4 $2 {[#]} (29... cxd4 {is a better chance.} 30. Qxd4 Re8) 30. Rf1 $1 {White is clearly winning.} cxd4 (30... Rxd6 $142 31. Bh8 f6 32. Bxf6 Rd1 33. Qc4+ Kf8) 31. Qc8+ Qe8 32. d7 {Precision: White = 40%, Black = 34%.} 1-0

[Event "Teplice Open 2017"]
[Site "Teplice"]
[Date "2017.06.14"]
[Round "5"]
[White "Kaczmarek Alexander F"]
[Black "Lagarde, Maxime"]
[Result "1/2-1/2"]
[WhiteElo "2363"]
[BlackElo "2601"]
[Annotator "TA"]
[PlyCount "158"]
[EventDate "2017.??.??"]
[EventCountry "CZE"]
[SourceTitle "playchess.com"]
[Source "ChessBase"]
[SourceQuality "1"]

{[%evp 14,158,21,-7,26,25,31,37,53,46,42,46,47,54,57,0,0,-4,8,10,29,27,32,-46,92,99,92,88,85,-54,8,-13,10,10,8,18,14,4,10,10,7,20,102,0,0,0,0,0,0,-5,-13,-21,-21,-85,-85,-116,-124,-171,-164,-247,-181,-235,-228,-227,-186,-188,-109,-114,-102,-80,-87,-323,-317,-289,-243,-340,-341,-306,0,0,0,0,0,0,0,0,0,0,0,0,0,0,0,0,0,0,0,0,0,0,0,0,0,0,0,0,0,0,0,0,0,0,0,0,0,0,0,0,0,0,0,0,0,0,0,0,0,0,0,0,0,0,0,0,0,0,0,0,0,0,0,0,0,0,0,0,0]} 1. e4 e6 2. d4 d5 3. e5 c5 4. c3 Nc6 5. Nf3 Bd7 6. Bd3 Rc8 7. dxc5 Bxc5 {C02: French: Advance Variation} 8. b4 {LiveBook: 3 Games} (8. O-O Nge7 9. Bf4 h6 10. h4 O-O 11. h5 f6 12. exf6 Rxf6 13. Bg3 Nf5 14. Bxf5 Rxf5 15. b4 {0-1 (40) Milliet,S (2421)-Ivanchuk,V (2771) Cap d'Agde 2012}) 8... Be7 9. O-O f6 {White has an edge.} 10. Re1 Nxe5 11. Nxe5 fxe5 12. Qh5+ Kf8 13. Qxe5 (13. Rxe5 Bxb4 14. Bg5 Nf6 $15) 13... Bf6 14. Qg3 (14. Qe3 $1 $14) 14... e5 15. Bc2 $146 ({Predecessor:} 15. Bb2) 15... h5 16. h4 Nh6 17. Bg5 (17. Rxe5 Bxe5 18. Qxe5 Qxh4 $15) 17... Nf7 {[%cal Rf6g5]} 18. Bg6 (18. Bb3 $14) 18... Rc4 (18... e4 $15 {stays ahead.} 19. Rd1 Ba4) 19. Bxf7 $16 Kxf7 20. Nd2 $1 {[%cal Rd2c4]} Rg4 {[#]} 21. Qh2 (21. Qd3 $1 $16) 21... e4 (21... Bxg5 $6 22. hxg5 e4 23. f3 $11) (21... Qc7 $15) 22. f3 Rxg5 23. hxg5 Bxc3 24. Qf4+ Kg6 $1 {Hoping for ...Qb6+.} 25. Qd6+ Kh7 26. Qxd5 Bxa1 27. Rxa1 exf3 {[#]} (27... Re8 $11) 28. Nxf3 ({Only move:} 28. Qe4+ $1 $16 g6 29. Qxb7 Qb6+ 30. Qxb6 axb6 31. Re1 (31. Nxf3 Ra8 $16)) 28... Qb6+ $11 29. Kh1 Be8 $1 30. Re1 Qxb4 31. Re6 {Threatens to win with Qf5+.} Rf8 {Black wants to play ...Bg6.} 32. Qe5 Bg6 $36 {[%mdl 2048] Black is pushing.} 33. Re7 (33. a3 $1 $11 {keeps the balance.} Qxa3 34. Rxg6 Kxg6 35. Qe4+ Kf7 36. Ne5+ Kg8 37. Qd5+ Kh8 38. Kh2) 33... Rf7 $17 34. Rxf7 Bxf7 35. Nd4 Bg6 36. a4 (36. Kh2 $142) 36... b6 ({Wrong is} 36... Qxa4 $2 37. Ne6 $18) 37. Kh2 (37. Ne6 $142 Qe7 38. Kh2) 37... Qc3 (37... Qxa4 $2 38. Ne6 $18) 38. Qf4 {intending Ne6.} Qc4 39. Qe5 Qf7 ({Not} 39... Qxa4 $2 40. Ne6 $18) ({Better is} 39... Qc5 $19 40. Qxc5 bxc5) 40. Qd6 Qf2 41. Ne6 {And now Nf8+ would win.} Be4 {[%csl Ge4][%cal Rf2g2]} 42. g6+ $2 (42. Nf8+ $17 Kh8 43. Ng6+ Bxg6 44. Qxg6) 42... Kh6 $19 {[%csl Ge4][%cal Rf2g2]} 43. Nf4 Qh4+ 44. Kg1 Qf6 45. Qb8 {If White can now play Qh8+ this consolidates a bit.} Bxg6 $2 ({Worse is} 45... Kg5 46. Nh3+ Kh6 47. Qh8+ Kxg6 48. Qe8+ Kf5 49. Qxh5+ Ke6 50. Qe8+ Kd5 51. Qb5+ Kd6 52. Qb4+ Kd5 53. Qb3+ Kd6 54. Qb4+ Kd5 55. Qb3+ Ke5 56. Qe3 $11) (45... Bc6 $19 46. Nh3 Kxg6) 46. Nxg6 $11 {The position is equal.} Kxg6 47. Qxa7 $19 {[%mdl 4096] Endgame KQ-KQ} Kg5 48. Qd7 Qa1+ 49. Kh2 Qe5+ 50. Kg1 Qc5+ 51. Kh2 g6 52. Qd8+ Kg4 {...Qe5+ is the strong threat.} 53. Qe8 Qc7+ (53... Kf5 {with more complications.} 54. Qd7+ Kf6 55. Qd8+ Kf7 56. Kh1 Qc1+) 54. Kh1 Kf5 (54... Qc1+ {seems wilder.} 55. Kh2 Qf4+ 56. Kh1 Qf1+ 57. Kh2 Qf6) 55. Qb5+ Kf6 56. Qb2+ Kf7 57. Qf2+ Ke7 58. Qe3+ Kd7 59. Qh3+ Ke7 60. Qe3+ Kf7 61. Qf2+ Kg7 62. Qb2+ Kh7 63. Qf6 Qc1+ 64. Kh2 Qc5 65. Kh1 Qb4 (65... h4 $5) 66. Kh2 Qc5 67. Kh1 Kh6 (67... h4 $5) 68. Kh2 Qe3 (68... h4 $5) 69. Kh1 Qe1+ 70. Kh2 Qb1 71. Qf8+ Kg5 72. Qe7+ Kf5 73. Qf7+ Ke5 74. Qe7+ Kd4 75. Qd6+ Ke3 76. Qe6+ Kd2 77. Qd6+ Ke2 78. Qe6+ Kf1 79. Qf6+ Ke1 {Precision: White = 63%, Black = 52%.} 1/2-1/2